How Europe underdeveloped Africa / (Record no. 345)
[ view plain ]
| 000 -LEADER | |
|---|---|
| fixed length control field | 00835cam a22002412 4500 |
| 001 - CONTROL NUMBER | |
| control field | 0000001601 |
| 005 - DATE AND TIME OF LATEST TRANSACTION | |
| control field | 20151021151053.0 |
| 008 - FIXED-LENGTH DATA ELEMENTS--GENERAL INFORMATION | |
| fixed length control field | 070319s xx 000 0 eng d |
| 020 ## - INTERNATIONAL STANDARD BOOK NUMBER | |
| International Standard Book Number | 9966251138 : |
| Terms of availability | KES 1,200 |
| 040 ## - CATALOGING SOURCE | |
| Original cataloging agency | KABU |
| Transcribing agency | KABU |
| 050 #0 - LIBRARY OF CONGRESS CALL NUMBER | |
| Classification number | HC800 |
| Item number | .R63 2001 |
| 100 1# - MAIN ENTRY--PERSONAL NAME | |
| Personal name | Rodney, Walter. |
| -- | 0000098029 |
| 245 10 - TITLE STATEMENT | |
| Title | How Europe underdeveloped Africa / |
| Statement of responsibility, etc. | by Walter Rodney; with a postscript by A. M. Babu. |
| 250 ## - EDITION STATEMENT | |
| Edition statement | Rev. ed. |
| 260 ## - PUBLICATION, DISTRIBUTION, ETC. (IMPRINT) | |
| Place of publication, distribution, etc. | Nairobi : |
| Name of publisher, distributor, etc. | East African Educational Publishers, |
| Date of publication, distribution, etc. | 2001. |
| 300 ## - PHYSICAL DESCRIPTION | |
| Extent | xxiv, 312 p. |
| 651 #0 - SUBJECT ADDED ENTRY--GEOGRAPHIC NAME | |
| Geographic name | Africa |
| General subdivision | Economic conditions. |
| -- | 0000150453 |
| 651 #0 - SUBJECT ADDED ENTRY--GEOGRAPHIC NAME | |
| Geographic name | Europe |
| General subdivision | Colonies. |
| Geographic subdivision | Africa--Economic policy. |
| -- | 0000150479 |
| 651 #0 - SUBJECT ADDED ENTRY--GEOGRAPHIC NAME | |
| Geographic name | Africa |
| General subdivision | Colonial influnce. |
| -- | 0000150480 |
| 852 1# - LOCATION | |
| -- | p1600 KES |
| 908 ## - PUT COMMAND PARAMETER (RLIN) | |
| Put command parameter | 070319 |
| 950 ## - LOCAL HOLDINGS (RLIN) | |
| -- | 1 |
| Withdrawn status | Lost status | Source of classification or shelving scheme | Not for loan | Home library | Current library | Date acquired | Total Checkouts | Full call number | Barcode | Date last seen | Price effective from | Koha item type | Date last checked out |
|---|---|---|---|---|---|---|---|---|---|---|---|---|---|
| Library of Congress Classification | Kabarak, Main Campus | Kabarak, Main Campus | 17/12/2015 | HC800 .R63 2001 c. 1 | 001288 | 17/12/2015 | 17/12/2015 | General Collection | |||||
| Library of Congress Classification | Kabarak, Main Campus | Kabarak, Main Campus | 17/12/2015 | 2 | HC800 .R63 2001 c. 2 | 18662 | 24/09/2019 | 17/12/2015 | Africana Collection | 24/09/2019 | |||
| Library of Congress Classification | Kabarak, Nakuru City Campus | Kabarak, Nakuru City Campus | 21/10/2015 | HC800 .R63 2001 c. 1 | 22002 | 21/10/2015 | 21/10/2015 | General Collection |